Shots in the dark : (Record no. 9556)

MARC details
000 -LEADER
fixed length control field 00606nam a22002052 4500
001 - CONTROL NUMBER
control field 0000021126
005 - DATE AND TIME OF LATEST TRANSACTION
control field 20151217152226.0
008 - FIXED-LENGTH DATA ELEMENTS--GENERAL INFORMATION
fixed length control field 120112s xx 000 0 eng d
020 ## - INTERNATIONAL STANDARD BOOK NUMBER
International Standard Book Number 0393050270 :
040 ## - CATALOGING SOURCE
Original cataloging agency KABU
Transcribing agency KABU
100 1# - MAIN ENTRY--PERSONAL NAME
Personal name Cohen, Jon.
-- 0000181815
245 10 - TITLE STATEMENT
Title Shots in the dark :
Remainder of title the wayward search for an aids vaccine /
Statement of responsibility, etc. Jon Cohen.
250 ## - EDITION STATEMENT
Edition statement 1st ed.
260 ## - PUBLICATION, DISTRIBUTION, ETC. (IMPRINT)
Place of publication, distribution, etc. New York :
Name of publisher, distributor, etc. W. W. Norton,
Date of publication, distribution, etc. 2001.
300 ## - PHYSICAL DESCRIPTION
Extent xvii, 440 p.
650 #0 - SUBJECT ADDED ENTRY--TOPICAL TERM
Topical term or geographic name as entry element AIDS vaccine.
-- 0000181816
852 1# - LOCATION
-- p1485 KES
908 ## - PUT COMMAND PARAMETER (RLIN)
Put command parameter 120112
950 ## - LOCAL HOLDINGS (RLIN)
-- 1
Holdings
Withdrawn status Lost status Source of classification or shelving scheme Not for loan Home library Current library Date acquired Total Checkouts Full call number Barcode Date last seen Date last checked out Price effective from Koha item type
    Library of Congress Classification   Kabarak, Main Campus Kabarak, Main Campus 17/12/2015 2 QR189.5 .A33C64 2001 c. 1 20461 20/02/2020 04/02/2020 17/12/2015 General Collection
Designed with assistance from East African Informatics Ltd